Grounds Maintenance Handbook / (Record no. 27239)

000 -LEADER
fixed length control field 00759nam a22002297a 4500
001 - CONTROL NUMBER
control field 0000001279
003 - CONTROL NUMBER IDENTIFIER
control field PPM
005 - DATE AND TIME OF LATEST TRANSACTION
control field 20260429122844.0
008 - FIXED-LENGTH DATA ELEMENTS--GENERAL INFORMATION
fixed length control field 260429b ||||| |||| 00| 0 eng d
020 ## - INTERNATIONAL STANDARD BOOK NUMBER
International Standard Book Number 0070124124
Terms of availability RM 148.93
Qualifying information Hardback
035 ## - SYSTEM CONTROL NUMBER
System control number 0000001279
040 ## - CATALOGING SOURCE
Language of cataloging Eng
Transcribing agency Pusat Penyelidikan Mineral, Jabatan Mineral Dan Geosains Malaysia
Modifying agency PPM
Description conventions RDA
082 00 - DEWEY DECIMAL CLASSIFICATION NUMBER
Edition number 19
Classification number 635.9
Item number CON 1977
100 1# - MAIN ENTRY--PERSONAL NAME
Personal name Conover, Herbert S.
Relator term author
245 10 - TITLE STATEMENT
Title Grounds Maintenance Handbook /
Statement of responsibility, etc. by Herbert S. Conover.
250 ## - EDITION STATEMENT
Edition statement 3rd.ed.
260 #1 - PUBLICATION, DISTRIBUTION, ETC.
Place of publication, distribution, etc. New York :
Name of publisher, distributor, etc. McGraw-Hill Book Company ,
Date of publication, distribution, etc. 1977
300 00 - PHYSICAL DESCRIPTION
Extent viii, 631 pages .:
Other physical details table, illustrations .;
Dimensions 23 cm
504 ## - BIBLIOGRAPHY, ETC. NOTE
Bibliography, etc. note Includes indexs (p.: 619 -631)
650 10 - SUBJECT ADDED ENTRY--TOPICAL TERM
Topical term or geographic name entry element Grounds maintenance.
942 ## - ADDED ENTRY ELEMENTS (KOHA)
Source of classification or shelving scheme
Koha item type Books
Holdings
Withdrawn status Lost status Source of classification or shelving scheme Damaged status Not for loan Collection code Permanent Location Current Location Shelving location Date acquired Cost, normal purchase price Total Checkouts Full call number Date last seen Price effective from Koha item type
Available         Open Shelf PPM PPM Open Shelf 29/04/2026 148.93   635.9 CON 1977 29/04/2026 29/04/2026 Books